مكتبة جامعة عجلون الوطنية

فهرس بحث المكتبة

تكنولوجيا البيتون والتسليح وطرق تصميم الخلطات البيتونية (Record no. 26212)

MARC details
000 -LEADER
fixed length control field 00755nam a2200217Ii 4500
003 - CONTROL NUMBER IDENTIFIER
control field JO-AjNU
008 - FIXED-LENGTH DATA ELEMENTS--GENERAL INFORMATION
fixed length control field 230605s9999||||xx |||||||||||||| ||und||
040 ## - CATALOGING SOURCE
Original cataloging agency JO-AjNU
Language of cataloging ara
Description conventions rda
Transcribing agency JO-AjNU
041 ## - LANGUAGE CODE
Language code of text/sound track or separate title ara
050 14 - LIBRARY OF CONGRESS CALL NUMBER
Classification number TD439.D3764 1990
100 3# - MAIN ENTRY--PERSONAL NAME
Personal name درويش، عماد,
Relator term author
9 (RLIN) 51287
245 00 - TITLE STATEMENT
Title تكنولوجيا البيتون والتسليح وطرق تصميم الخلطات البيتونية
250 ## - EDITION STATEMENT
Edition statement ط1
264 31 - PRODUCTION, PUBLICATION, DISTRIBUTION, MANUFACTURE, AND COPYRIGHT NOTICE
Place of production, publication, distribution, manufacture دمشق : دار دمشق للطباعة والنشر، 1990
300 ## - PHYSICAL DESCRIPTION
Extent 240ص
336 ## - CONTENT TYPE
Content type term text
Content type code txt
Source rdacontent
337 ## - MEDIA TYPE
Media type term unmediated
Media type code n
Source rdamedia
338 ## - CARRIER TYPE
Carrier type term volume
Carrier type code nc
Source rdacarrier
490 0# - SERIES STATEMENT
Series statement الكتاب الهندسي
650 #4 - SUBJECT ADDED ENTRY--TOPICAL TERM
Topical term or geographic name entry element هندسة الطرق تكنولوجيا
9 (RLIN) 51288
Holdings
Withdrawn status Lost status Source of classification or shelving scheme Damaged status Not for loan Home library Current library Shelving location Date acquired Total Checkouts Full call number Barcode Date last seen Price effective from Koha item type
    Library of Congress Classification     مكتبة جامعة عجلون الوطنية مكتبة جامعة عجلون الوطنية المجموعات العامة 06/06/2023   TD439.D3764 1990 A22644 06/06/2023 06/06/2023 Books